Handbook of scheduling : algorithms, models and performance analysis /
Shranjeno v:
| Drugi avtorji: | |
|---|---|
| Format: | Knjiga |
| Jezik: | English |
| Izdano: |
Boca Raton, FL :
CRC Press,
2004.
|
| Serija: | Chapman and Hall/CRC computer and information science series
|
| Teme: | |
| Oznake: |
Označite
Brez oznak, prvi označite!
|
| LEADER | 01112cam a2200289 i 4500 | ||
|---|---|---|---|
| 001 | u51539 | ||
| 003 | SIRSI | ||
| 005 | 20210114114328.0 | ||
| 008 | 110131 eng | ||
| 020 | |a 1584883979 | ||
| 050 | |a HD69.T54 |b .H35 2004 r | ||
| 245 | 0 | 0 | |a Handbook of scheduling : |b algorithms, models and performance analysis / |c edited by Jospeh Y-T. Leung. |
| 264 | 1 | |a Boca Raton, FL : |b CRC Press, |c 2004. | |
| 300 | |a 1 volume (various pagings) : : |b illustrations ; ; |c 26 cm. | ||
| 336 | |a text |b txt |2 rdacontent | ||
| 337 | |a unmediated |b n |2 rdamedia | ||
| 338 | |a volume |b nc |2 rdacarrier | ||
| 490 | 1 | |a Chapman and Hall/CRC computer and information science series | |
| 596 | |a 1 | ||
| 650 | 0 | |a Scheduling |x Mathematical models. |9 9434 | |
| 650 | 0 | |a Decision making. |9 1284 | |
| 700 | 1 | |a Leung, Joseph Y-T. |9 156644 | |
| 942 | |c BOOK_REF | ||
| 997 | |a 90793 | ||
| 998 | |a 1 |b Shafrizan Shafferi | ||
| 999 | |c 107999 |d 107999 | ||
| 952 | |0 0 |1 0 |2 LCC |4 0 |6 HD0069 T54 H35 02004 R |7 0 |9 193445 |a UTHM_LIB |b UTHM_LIB |c CLOSEDACCS |d 2004-12-15 |g 617.27 |l 0 |o HD69.T54 .H35 2004 r |p 1000098680 |r 2020-12-05 |t 1 |w 2020-12-05 |y BOOK_REF | ||